| 000 | 00816cab a2200229 4500 | ||
|---|---|---|---|
| 001 | ABS54327 | ||
| 008 | 090401t1995 xxu||||| |||| 00| 0 eng d | ||
| 035 | _a(Sirsi) u9834 | ||
| 041 | _aeng | ||
| 100 | _aRuddock, J. | ||
| 245 | _aLabouring for a National Waste Management Strategy | ||
| 260 | _c1995 | ||
| 350 | _a0 | ||
| 490 |
_aWastes Management _vDecember 1995, 16(1) |
||
| 520 | _aSpeech given by the author, Shadow Minister for Environmental Protection, at a seminar "The whole picture: sustainable waste management systems" which outlines Labour Party policies for a National Waste Management Strategy. | ||
| 650 | _aLABOUR PARTY | ||
| 650 | _aNATIONAL WASTE MANAGEMENT STRATEGY | ||
| 650 | _aWASTE MANAGEMENT | ||
| 690 | _aENVIRONMENTAL AND LAND CONSULTANCY | ||
| 942 | _n0 | ||
| 948 | _c04/03/1997 | ||
| 999 |
_c6186 _d6186 |
||